|
|
|
|
| LEADER |
00000nam0a2200000 4500 |
| 001 |
117365 |
| 005 |
20231031123732.0 |
| 010 |
|
|
|a 7801149521
|
| 035 |
|
|
|a (RuTPU)RU\TPU\book\127041
|
| 035 |
|
|
|a RU\TPU\book\127036
|
| 090 |
|
|
|a 117365
|
| 100 |
|
|
|a 20070601d2003 k y0chiy50 ea
|
| 101 |
0 |
|
|a chi
|
| 102 |
|
|
|a CN
|
| 105 |
|
|
|a y z 000zy
|
| 200 |
1 |
|
|a Жизненная философия Авраама Маслома
|f пер. Чэн Мин
|
| 210 |
|
|
|a Пекин
|c Китай
|d 2003
|
| 215 |
|
|
|a 426 с.
|
| 225 |
1 |
|
|a Комната философа
|v Т. 5
|
| 600 |
|
1 |
|a Маслоу
|b А.
|c американский психолог
|g Абрахам
|c экономист
|f 1908-1970
|2 stltpush
|3 (RuTPU)RU\TPU\pers\7219
|
| 610 |
1 |
|
|a психология
|
| 610 |
1 |
|
|a Америка
|
| 610 |
1 |
|
|a гуманистическая психология
|
| 610 |
1 |
|
|a история
|
| 610 |
1 |
|
|a 20 век
|
| 610 |
1 |
|
|a личность
|
| 610 |
1 |
|
|a человек
|
| 610 |
1 |
|
|a возможности
|
| 610 |
1 |
|
|a самореализация
|
| 686 |
|
|
|a Ю93
|v LBC/SL-A
|2 rubbk
|
| 686 |
|
|
|a Ю3(4)
|v LBC/SL-A
|2 rubbk
|
| 702 |
|
1 |
|a Чэн Мин
|4 730
|
| 801 |
|
1 |
|a RU
|b 63413507
|c 20070601
|g PSBO
|
| 801 |
|
2 |
|a RU
|b 63413507
|c 20141223
|g PSBO
|
| 942 |
|
|
|c BK
|